000 00588nam a22002297a 4500
001 87520
003 UA-OsUOA
005 20211109223731.0
007 ta
008 20120919b un ||||| |||| 00| 0 ukr d
040 _aUA-OsUOA
_brus
_cUA-OsUOA
_dUA-OsUOA
041 _arus
080 _a94(47+571)
090 _a94(47+571)
_bС31
100 _aСенкевич И. Г.
245 _aРоссия и критское восстание 1866-1869 гг.
260 _aМ.
_bНаука
_c1970
300 _a210 с.
650 7 _a94 Історія
_2UDC
942 _cBK
_2udc
955 _a4
999 _c373910
_d373910